000 00584nam a2200229Ia 4500
005 20260320202054.0
008 008 262003s9999 xx 000 0 eng d
037 _aEBOOK
040 _aCRL
040 _beng
040 _cCRL
041 _2eng
041 _aeng
084 _qCRL
100 _aHarryman
_91136729
245 0 _aSharePoint 2010 Site Owner's Manual: Flexible Collaboration without Programming
260 _bIEEE
856 _uhttps://ieeexplore.ieee.org/servlet/opac?bknumber=10280707
942 _cEBOOK
999 _c1725147
_d1725147